Moby w Minecraft - Statystyki

Ogólne statystyki
  • Ten quiz został rozwiązany 2 569 razy
  • Średni wynik to 34 z 82
Statystyki odpowiedzi
Typ Mob % Poprawnych
Agresywne Zombie
92%
Agresywne Szkielet
91%
Pasywne Krowa
90%
Pasywne Świnia
87%
Oswajalne Wilk
87%
Oswajalne Kot
80%
Użytkowe {Żelazny} Golem
80%
Oswajalne Koń
79%
Pasywne Owca
78%
Pasywne Kura
76%
Agresywne Creeper
75%
Neutralne Enderman
74%
Pasywne Osadnik
74%
Neutralne Pająk
73%
Boss Smok Endu
73%
Boss Wither
71%
Neutralne Piglin
61%
Oswajalne Papuga
60%
Pasywne Ocelot
57%
Oswajalne Osioł
57%
Agresywne Ghast
55%
Pasywne Łosoś
54%
Użytkowe {Śnieżny} Golem
52%
Agresywne Płomyk
50%
Oswajalne Lama
47%
Agresywne Wiedźma
47%
Neutralne Pszczoła
45%
Pasywne Dorsz
42%
Agresywne {Kurzy} jeździec
42%
Agresywne Rozbójnik
42%
Neutralne Zzombifikowany piglin
42%
Neutralne Delfin
41%
Agresywne Nadzorca
41%
Pasywne Rozdymka
41%
Agresywne Rybik cukrowy
41%
Agresywne Szlam
41%
Pasywne Królik
40%
Neutralne Panda
40%
Oswajalne Muł
39%
Neutralne Niedźwiedź polarny
39%
Pasywne Kałamarnica
38%
Neutralne Lis
38%
Agresywne Utopiec
37%
Neutralne Koza
36%
Pasywne Wielbłąd
36%
Agresywne Kostka magmy
35%
Pasywne Nietoperz
35%
Agresywne Endermit
34%
Neutralne Pająk jaskiniowy
34%
Agresywne Strażnik
34%
Neutralne Aksolotl
33%
Pasywne Ryba tropikalna
33%
Agresywne Shulker
33%
Pasywne Żółw
33%
Agresywne {Pajęczy} jeździec
31%
Pasywne Żaba
31%
Agresywne Hoglin
30%
Agresywne Posuch
27%
Agresywne Witherowy szkielet
27%
Agresywne Fantom
23%
Pasywne Pancernik
23%
Agresywne Osadnik zombie
22%
Agresywne Przywoływacz
21%
Agresywne Dręczyciel
19%
Agresywne / Boss Prastrażnik
19%
Agresywne Zoglin
19%
Pasywne Koń szkielet
18%
Pasywne Magmołaz
18%
Pasywne Niuchacz
18%
Pasywne Świecąca kałamarnica
17%
Agresywne Tułacz
17%
Agresywne Obrońca
16%
Neutralne Otuszek
16%
Agresywne Piglin okrutnik
14%
Pasywne Wędrowny handlarz
14%
Pasywne Mooshroom
13%
Agresywne Dewastator
12%
Agresywne Wichrzyk
9%
Pasywne Kijanka
8%
Agresywne Bagniak
7%
Neutralne Lama handlarza
5%
Agresywne Szkieletowa pułapka
4%
Nie znaleziono quizów pasujących do podanych kryteriów
Rozkład punktacji
Procent ludzi z każdym wynikiem
Percentyl według liczby udzielonych odpowiedzi
Twoja historia wyników
Nie rozwiązałeś tego quizu